Movies with Jobs - Statistics

General Stats
  • This quiz has been taken 80 times
  • The average score is 15 of 20
Answer Stats
Hint Movie % Correct
2003, Black Pearl {Pirate}s of the Caribbean
100%
1998, Soldier Saving {Private} Ryan
95%
2008, Batman The Dark {Knight}
95%
1994, Lions The Lion {King}
95%
1939, Lion, Tin Man The {Wizard} of Oz
95%
2005, Wizard Boy Harry {Potter} and the Goblet of Fire
94%
1989, Boarding School Dead {Poet}s Society
92%
1978, Vietnam Vet The Deer {Hunter}
82%
2013, Somali Pirates {Captain} Phillips
77%
1994 Miami Dolphins Ace Ventura: {Pet Detective}
75%
2003, Japanese warrior The Last {Samurai}
74%
1976, Watergate All the {President}'s Men
72%
1962, 007 {Dr} No
71%
1986, Disney, Sherlock The Great Mouse {Detective}
71%
2002, Lopez cleans {Maid} in Manhattan
63%
1982, Navy Pilot Training An {Officer} and a Gentleman
62%
1940, Chaplin does Hitler The Great {Dictator}
58%
1997, Aliens Starship {Trooper}s
46%
1995, Army, Drill sgt. {Major} Payne
42%
2011, Motorcycle gang Lincoln {Lawyer}
34%
No matching quizzes found
Score Distribution
Percent of People with Each Score
Percentile by Number Answered
Your Score History
You have not taken this quiz